Statistics for Asia Flags By Population

Click here to take the quiz!

General Stats

  • This quiz has been taken 16 times
  • The average score is 36 of 47

Answer Stats

Answer% Correct
China
100%
India
100%
Japan
100%
Nepal
100%
North Korea
100%
Pakistan
100%
Russia
100%
Saudi Arabia
100%
South Korea
100%
Thailand
100%
Turkey
100%
Bangladesh
92%
Indonesia
92%
Iran
92%
Iraq
92%
Kazakhstan
92%
Malaysia
92%
Syria
92%
Afghanistan
85%
Cambodia
85%
Jordan
85%
Myanmar
85%
Philippines
85%
Vietnam
85%
Yemen
85%
Azerbaijan
77%
Sri Lanka
77%
United Arab Emirates
77%
Israel
69%
Mongolia
69%
Qatar
69%
Uzbekistan
69%
Bahrain
62%
Bhutan
62%
Brunei
62%
Cyprus
62%
Georgia
62%
Kuwait
62%
Lebanon
62%
Singapore
62%
Armenia
54%
East Timor
54%
Oman
54%
Turkmenistan
54%
Kyrgyzstan
46%
Laos
46%
Tajjikistan
0%

Score Distribution

Percentile by Number Answered

Percent of People with Each Score

Your Score History

You have not taken this quiz